| 000 | 00678nam a2200205Ia 4500 | ||
|---|---|---|---|
| 003 | GCL | ||
| 008 | 140319s9999 xx 000 0 ara d | ||
| 040 |
_aGCL / _cGCL |
||
| 082 | 0 | 4 |
_a257.13 _bع ا |
| 100 | 1 | _aعوف محمود الكفراوى | |
| 245 | 1 | 0 |
_aالاثار الاقتصادية والاجتماعية للانفاق العام فى الاسلام / _cعوف محمود الكفراوى |
| 260 |
_a[S.N] : _bمؤسسة شباب الجامعة ، _c1983 |
||
| 300 | _a61 | ||
| 490 | _a | ||
| 650 | 0 | 4 | _aالسياسة المالية |
| 650 | 0 | 4 | _aالاقتصاد الاسلامى |
| 650 | 0 | 4 | _aالزكاة |
| 650 | 0 | 4 | _aالنفقات |
| 942 |
_2ddc _cBK |
||
| 999 |
_c45677 _d45677 |
||